000 00244nam a2200097Ia 4500
001 682316
005 20250826161416.0
008 250824s9999 xx 000 0 und d
245 0 _aHÜZÜN DÜRBÜNÜNDE KIRK SENE
_cAYŞE KULİN
260 _bEVEREST
999 _c682316
_d682316